| 000 | 00559nam a22001937a 4500 | ||
|---|---|---|---|
| 005 | 20251108173501.0 | ||
| 008 | 250721s2001 xx 000 0 ara d | ||
| 082 | 1 | 4 | _aط/218.2/علي |
| 100 | 1 | _aعلي، سهير أحمد | |
| 245 | 1 | 0 | _aالصدق / |
| 264 | 1 |
_aالقاهرة : _bالفرسان 2000، _c2001. |
|
| 300 | _a16ص. | ||
| 490 | 0 |
_aالإخلاق الأسلامية _v1 |
|
| 650 | 1 | 7 | _aالآداب الأسلامية |
| 650 | 1 | 7 | _aالفضائل |
| 653 | _aناشاون صغار(10-14)سنه | ||
| 942 |
_2ddc _cBK |
||
| 999 |
_c104957 _d104957 |
||